01105cam a2200277Mi 45000010011000000030004000110050017000150080041000320200030000730400030001030500015001331000031001482450161001792500019003402600064003593000047004233360026004703370028004963380027005245040053005516500045006046500057006496500034007066500057007407000030007971413373515OSt20250623092546.0231213t20242024njua ob 001 0 eng d a9781394177370 (hardcover) aYDXbengerdacNUSTdNUST 4aHF1106 CLA1 aClark, Ruth ColvineAuthor10ae-Learning and the science of instruction :bproven guidelines for consumers and designers of multimedia learning /cRuth Colvin Clark and Richard E. Mayer. aFifth edition. aHoboken, New Jersey :bJohn Wiley and Sons, Inc., c©2024. axiii, 488 pages :bIllustrations ;c24 cm. atextbtxt2rdacontent 2rdamediaaunmediatedbn 2rdacarrieravolumebnc aIncludes bibliographical references and indexes. 0vBusiness education -- Computer programs. 0vBusiness education -- Computer-assisted instruction. 0vInternet in higher education. 0vEmployees Training of Computer-assisted instruction.1 aMayer, Richard E.eAuthor